000 00300nam a22001337a 4500
008 210302b ||||| |||| 00| 0 eng d
020 _a013041378X
041 _aeng
080 _24th
_a32
100 _a21
101 _aSHP
245 _aPublic Personnel Administration
_cHays,W.S
942 _2udc
_cBK
999 _c55515
_d55515